00663nam a2200229 450000500170000000800410001701000150005802000260007303500140009903700100011304000180012308200110014110000170015224500680016925000060023726000340024327000550027730000220033250000300035465000340038470000150041820240327112927.0700514s1968 enka 000 0 eng  aENG-139940 c350.00a9788193271865 aEN-123472 bDBAD  adplbEnglish  a00022 aNeetu, Singh aReasoning For General Competitons/cBy Neetu Singh and S.K Raju a2 aDelhi bK.D Publicationc2017 a701,2nd Floor, dr Mukharjee Nagar bDelhi e110009 a407p. c24cm(pb)  aCommon Sense Yet Uncommon aEnglish languagexVocabulary. aRaju, S.K